Dua Lipa - Chansons dans l'ordre alphabétique - Statistiques

Statistiques générales
  • Ce quiz a été pris 97 fois
  • Le résultat moyen est 35 sur 55
Statistiques - réponses
Hint Réponse % Correct
H Houdini
94%
T Training Season
90%
L Levitating
88%
N New Rules
88%
I Illusion
87%
O One Kiss
87%
P Physical
86%
F Fever
84%
M Maria
84%
B Be the One
83%
D Don't Start Now
83%
B Break My Heart
81%
L Love Again
81%
A Anything for Love
78%
F Falling Forever
78%
T These Walls
78%
E End of an Era
77%
F French Exit
75%
H Happy for You
75%
F Future Nostalgia
74%
I IDGAF
74%
W Whatcha Doing
74%
H Hallucinate
72%
C Cool
71%
D Dance The Night
71%
G Good in Bed
70%
E Electricity
65%
B Blow Your Mind (Mwah)
64%
P Prisoner
64%
W We're Good
64%
C Cold Heart
62%
N New Love
61%
K Kiss and Make Up
59%
P Pretty Please
58%
B Boys Will Be Boys
57%
G Genesis
54%
H Hotter than Hell
54%
L Last Dance
52%
S Scared to Be Lonely
52%
L Lost in Your Light
49%
H Homesick
46%
R Room for 2
46%
N No Lie
45%
G Garden
43%
I If It Ain't Me
43%
B Begging
41%
T That Kind of Woman
41%
D Dreams
39%
R Running
39%
B Bad Together
36%
N Not My Problem
35%
N No Goodbyes
33%
T Thinking 'Bout You
33%
W Want To
32%
C CAN THEY HEAR US
17%
Aucun quiz correspondant
Distribution des résultats
% des personnes avec chaque résultat
Percentile par nombre de réponses
Votre historique - résultats
Vous n’avez pas pris ce quiz